000 00766nam a2200253Ia 4500
003 OSt
005 20220918175746.0
006 a|||||r|||| 00| 0
007 ta
008 220917b |||||||| |||| 00| 0 eng d
024 _a18,833
037 _cTextual
040 _aARTS
_cARTS
_beng
041 _2eng
_aeng
082 _aR6, L1-;2
100 _aMatilal Bimal Krishna
245 0 _aEpistemology, logica and grammar in Indian philosophical analysis
260 _aHague
_bMouton
_c1971
300 _a183p.
_ccm.
490 _aNanua linguarum : Studia memoriae Nicolai Van Wijk dedica ta , ed by C H Van Schooneveld; 111
650 _aINDIAN PHILOSOPHY
942 _hR6, L1-;2
_cTEXL
_2CC
999 _c158910
_d158910